Novena que celebró la purísima Virgen Mária presentado al niño Dios en el Templo de su eterno Padre

Detalles Bibliográficos
Autor principal: ESPINDOLA, Nicolás
Formato: Libro
Publicado: México 1748
Materias:
Colección:Banco de datos
Acervo:Biblioteca del Convento de Santa Mónica de la Ciudad de Puebla. Puebla
Tema general:Mariología
Notas:Buena. C3, 8.
LEADER 00674nam a22001930004500
035 |a 51011 
036 |a 779 
100 1 |a ESPINDOLA, Nicolás 
245 1 0 |a Novena que celebró la purísima Virgen Mária presentado al niño Dios en el Templo de su eterno Padre 
260 |a México  |b imp. José Bernardo de Hogal  |c 1748 
500 |a Buena. C3, 8. 
650 1 0 |a Mariología 
949 |a CRP 
959 |a Ex convento de Santa Mónica. Puebla, Puebla  |b CCC5 
960 |a Convento de Santa Mónica de la ciudad de Puebla  |b DD88 
961 |a Franciscana  |b OF 
942 |c CRP-SM 
943 |g Biblioteca del Convento de Santa Mónica de la Ciudad de Puebla. Puebla 
999 |c 961349  |d 961349